| 000 | 01018cam a2200289 a 4500 | ||
|---|---|---|---|
| 999 |
_c4242 _d4242 |
||
| 001 | 4854436 | ||
| 003 | GBCCL | ||
| 005 | 20241126110514.0 | ||
| 008 | 910315s1991 ilua 000 0 eng | ||
| 010 | _a 91065462 | ||
| 020 | _a0896938670 (pbk.) | ||
| 040 |
_aDLC _cDLC _dDLC |
||
| 050 | 0 | 0 |
_aBS2556 _b.C35 1991 |
| 082 | 0 | 0 |
_a226.007 _220 _bCAM |
| 100 | 1 |
_aCampbell, Pam. _98044 |
|
| 245 | 1 | 0 |
_aWhen God left footprints / _cPam & Stan Campbell. |
| 260 |
_aWheaton, Ill. : _bVictor Books, _cc1991. |
||
| 300 |
_a179 p. : _bill. ; _c23 cm. |
||
| 490 | 1 |
_aBibleLog for adults. Thru the New Testament series ; _v1 |
|
| 500 | _a"Matthew thru John"--Cover. | ||
| 630 | 0 | 0 |
_aBible. _pGospels _xStudy and teaching. _98045 |
| 700 | 1 |
_aCampbell, Stan. _98046 |
|
| 800 | 1 |
_aCampbell, Pam. _tBibleLog for adults. _pThru the New Testament series ; _v1. _98047 |
|
| 906 |
_a7 _bcbc _corignew _d3 _eopcn _f19 _gy-gencatlg |
||
| 942 |
_2ddc _cBK |
||